000 01196nam0a22002891 4500
001 v19\rc\1289148
005 20250618013503.0
035 _a(NLR Aleph) 004437282
090 _a4352167
_c4352167
100 _a20060306e18531853|||y0rusy50 ca
101 0 _arus
102 _aRU
105 _ay z |||||
200 1 _aБелорусские пословицы
_eСб. П.М. Шпилевского
210 _aСанкт-Петербург
_cтип. Имп. Акад. наук
_d1853
215 _a[2], 26 с.
_d22
311 _aИз 2 т. 8 вып. Прибавлений к "Изв. 2 Отд-ния Акад. наук"
488 0 _12001#$aПрибавления к "Известиям 2 Отделения Академии наук"$vТ. 2, вып. 8
_tПрибавления к "Известиям 2 Отделения Академии наук"
700 1 _7ca
_8rus
_aШпилевский
_bП. М.
_f1823-1861
_gПавел Михайлович
_9247404
_3RU\NLR\AUTH\770247460
801 0 _aRU
_bNLR
_gpsbo
801 0 _aRU
_bRuMoRGB
_2psbo
801 1 _aRU
_bProSoft-M
_2rusmarc
852 _aNLR
_j18.100.3.75
899 _aRuMoRGB
_jM 85/573
899 _aГПИБ
942 _cBOOK
980 _aNB